000
00310nam a22001337a 4500
003
SGT
082
_a
617.63
_b
R15T
100
_a
THAMMAN, SHEENA
245
_a
REVIEW OF TASTE DISORDERS
260
_a
DELHI NCR
_b
SGT UNIVERSITY GURUGRAM
_c
2015
300
_a
1-72
650
_a
ORAL MEDICINE
942
_2
ddc
_c
TH
999
_c
18992
_d
18992